[Event "GER-GRE"]
[Site "Fuerth"]
[Date "2002.09.05"]
[Round "6"]
[White "Schmaltz, Roland"]
[Black "Vouldis, Angelos"]
[Result "0-1"]
[WhiteElo "2547"]
[BlackElo "2515"]
[Annotator "Ftacnik,L"]
[PlyCount "108"]
[EventDate "2002.08.31"]
[EventType "team"]
[EventRounds "6"]
[EventCountry "GER"]
[SourceTitle "CBM 091"]
[Source "ChessBase"]
[SourceDate "2002.11.12"]
[SourceVersion "1"]
[SourceVersionDate "2002.11.12"]
[SourceQuality "1"]
[WhiteTeam "Germany"]
[BlackTeam "Greece"]
[WhiteTeamCountry "GER"]
[BlackTeamCountry "GRE"]

1. e4 c5 2. Nf3 d6 3. d4 cxd4 4. Nxd4 Nf6 5. Nc3 g6 6. Be2 Bg7 7. O-O O-O 8.
Nb3 Nc6 9. Re1 Be6 10. Bf1 d5 11. Nc5 d4 12. Nxe6 fxe6 13. Nb1 (13. Na4 Kh8 (
13... b6 14. Bg5 e5 15. b3 h6 16. Bxf6 Rxf6 17. Nb2 Kh7 18. h4 h5 19. g3 Rc8 {
1/2-1/2 Ciganikova,A-Pinter,E/SVK 1999/ (59)}) (13... Qa5 14. c3 Rad8 15. Qb3
Kh8 16. Bd2 Ng4 17. f3 dxc3 18. Bxc3 Bd4+ 19. Bxd4+ Nxd4 20. Qc3 Qxa4 21. fxg4
e5 {1/2-1/2 Pujos,S-Philippe,C/France 2001/ (59)}) 14. Nc5 Qc8 15. e5 Nd5 16.
Nd3 Qc7 17. f4 Ncb4 18. Nxb4 Nxb4 19. Bd3 Rac8 20. Re2 Nxd3 21. Qxd3 Qc4 {
0-1 Sinowjew,J-Anka,E/Budapest 1993/ (46)}) 13... Ne5 (13... Qb6 14. Nd2 Ne5
15. Nc4 Nxc4 16. Bxc4 Rac8 17. Bb3 Kh8 18. Qe2 Nd7 19. Bg5 Rf7 20. a4 {1-0
Feuvrier,S-Leclair,M/FRA 1999/ (41)}) 14. Bf4 $2 {The combination of white
underdeveloped pieces and open f file for black rook is very dangerous,
Schmalz will be punished in a great style.} (14. h3 Qb6 15. Bd3 Nh5 16. Nd2 Nf4
17. Nc4 Nxc4 18. Bxc4 d3 19. Be3 Qxb2 20. cxd3 Qxa1 21. Qxa1 Bxa1 22. Rxa1 {
1-0 Bauer,C-Aronian,L/Cannes 1996/ (61)}) 14... Nfg4 15. Bg3 (15. Bxe5 Nxf2 16.
Qe2 Bxe5 $19) 15... d3 16. cxd3 (16. h3 Nxf2 $3 17. Bxf2 Rxf2 18. Kxf2 Ng4+ $1
19. hxg4 (19. Qxg4 Qd4+ 20. Re3 Rf8+ 21. Qf3 Bh6 22. Ke1 Rxf3 23. Rxf3 dxc2 $19
) 19... Qb6+ 20. Kg3 Be5+ 21. Kh3 Qg1 22. g5 Qh2+ 23. Kg4 Qh5#) 16... Qd4 17.
Qe2 (17. Re2 Nxd3 18. Nc3 Ngxf2 19. Bxf2 Rxf2 20. Rxf2 Qxf2+ 21. Kh1 Qg1+ $1
22. Kxg1 Bd4+ 23. Kh1 Nf2+ 24. Kg1 Nxd1+ 25. Kh1 Nf2+ 26. Kg1 Nxe4+ 27. Kh1
Nf2+ 28. Kg1 Nd1+ 29. Kh1 Nxb2 $19) 17... Nxf2 $1 {[%mdl 64] Vouldis plays
beatiful combination based on complete domination over the dark squares.} 18.
Bxf2 Rxf2 19. Qxf2 Ng4 20. Qxd4 (20. Re2 Nxf2 21. Rxf2 Rf8 $19) 20... Bxd4+ 21.
Kh1 Nf2+ 22. Kg1 Nxd3+ 23. Kh1 Nf2+ 24. Kg1 Nxe4+ 25. Kh1 (25. Re3 Bxe3+ 26.
Kh1 Rf8 27. Be2 Bc1 $19) 25... Nf2+ 26. Kg1 Nd3+ 27. Kh1 Nxe1 28. Nd2 (28. Nc3
Nc2 29. Rd1 Bxc3 30. bxc3 Ne3 $19) 28... Nc2 29. Rc1 Ne3 30. Be2 {Due to the
opposite coloured bishops and doubled e pawn black has to work for his
deserved point.} (30. b4 Nxf1 31. Nf3 e5 32. Rxf1 Rc8 $19) 30... Rd8 (30...
Bxb2 31. Rc7 Be5 32. Rxb7 Rc8 33. Kg1 Rc2 34. Kf2 Nd5 35. Nc4 Nc3 $19) 31. Nf3
Bb6 (31... Bxb2 32. Rb1 Bd4 33. Rxb7 e5 34. Rxe7 Rc8 35. h3 Nf5 $19) 32. h3 h6
33. b4 Kg7 34. a4 Nd5 35. a5 (35. b5 Nf4 36. Bc4 Rc8 37. Rc2 Kf6 $19) 35... Be3
36. Rc4 Kf6 37. g3 a6 38. h4 (38. Re4 Ba7 (38... Bc1 39. Bc4 Bb2 40. Nd2 Bc3
41. Nb3 e5 42. Nc5 $132) 39. Kg2 Bb8 $19) 38... Ba7 39. Kh2 e5 40. Kh3 Bb8 41.
Nh2 (41. Nd2 Nf4+ $1 (41... Ne3 42. Rc3 Rxd2 (42... Nf5 43. Ne4+ Kg7 44. Nc5
$132) 43. Rxe3 Bd6 44. Bf3 Bxb4 45. Bxb7 Rd6 46. Rb3 $15) 42. gxf4 Rxd2 43.
fxe5+ (43. Bf3 exf4 44. Bxb7 h5 45. Rc1 f3 46. Rh1 Rg2 $19) 43... Bxe5 44. Re4
Kf5 $19) 41... h5 42. Nf3 Ne3 43. Rc3 Nd1 44. Bxd1 {White had to avoid such
exchange of pieces at all costs, but he really wanted to get a semblance of
counterplay.} (44. Rc1 Nf2+ 45. Kg2 Ne4 46. Rf1 Kg7 $17) 44... Rxd1 45. Rc8 Bd6
46. Ng5 e6 47. Re8 (47. Ne4+ Kf5 48. Nxd6+ Rxd6 49. Rf8+ Ke4 50. Rf7 b6 51. Rg7
Kd3 52. Rxg6 e4 $19) 47... Be7 48. Rh8 Kf5 49. Rh7 Bxg5 50. hxg5 e4 51. Kg2
Rd2+ 52. Kf1 Kg4 53. Rxb7 Kxg3 54. Rb6 h4 (54... h4 55. Rxe6 h3 56. Rxg6 h2 $19
) 0-1

[Event "FRA-ch"]
[Site "Aix les Bains"]
[Date "2003.08.18"]
[Round "1"]
[White "Apicella, Manuel"]
[Black "Chabanon, Jean Luc"]
[Result "1/2-1/2"]
[WhiteElo "2522"]
[BlackElo "2498"]
[Annotator "Ftacnik,L"]
[PlyCount "128"]
[EventDate "2003.08.18"]
[EventType "tourn"]
[EventRounds "11"]
[EventCountry "FRA"]
[EventCategory "13"]
[SourceTitle "CBM 097"]
[Source "ChessBase"]
[SourceDate "2003.11.11"]
[SourceVersion "1"]
[SourceVersionDate "2003.11.11"]
[SourceQuality "1"]

1. e4 c5 2. Nf3 d6 3. d4 cxd4 4. Nxd4 Nf6 5. Nc3 Nc6 6. Be2 g6 7. Bg5 Bg7 8.
Nb3 O-O 9. O-O a6 10. f4 b5 11. Bf3 Bb7 12. Bh4 Nd7 13. Rb1 Nb6 {Black is
doing fine in this line, as his pieces are well developed and weaknesses are
not obvious.} 14. Nd5 Re8 (14... Nc4 15. c3 f6 16. Nd2 $14) 15. Re1 a5 (15...
Nc4 16. c3 a5 17. Nd2 $14) 16. c3 a4 (16... b4 17. Nd2 Rb8 18. Bf2 $14) 17. Nc1
Nxd5 18. exd5 (18. Qxd5 b4 $11) 18... Na5 19. Ne2 Rc8 (19... Qd7 20. Nd4 e5 21.
dxe6 fxe6 22. Bf2 Rab8 $11) 20. Nd4 {With the white pawn on d5 black has to
worry about c6 square and a pawn on e7.} Rc5 21. Nc2 Rc4 (21... Qd7 22. Qd3 e5
23. Bf2 Rcc8 $11) 22. Qd2 Qd7 23. Bf2 Rcc8 24. Qd3 Ba8 (24... Nc4 25. Nd4 $14)
25. Nd4 Nc4 26. b3 Na3 27. Rbc1 e5 (27... Bh6 28. Qd2 e5 29. dxe6 fxe6 30. Bg4
Bd5 31. Qb2 Bxf4 32. Qxa3 $16) 28. dxe6 fxe6 29. Bxa8 Rxa8 30. Qh3 axb3 31.
axb3 Rac8 $2 {Counterplay doesn't seem to be sufficient, so it made sense to
exchange the bishop for the knight with 31...Bxd4.} (31... Bxd4 32. Bxd4 Qf7
33. Qf3 $14) 32. Nxe6 b4 (32... Rxc3 33. Rxc3 Bxc3 34. Qxc3 Rxe6 35. Ra1 b4 36.
Qxb4 Nb5 37. Ra5 $16) 33. Nxg7 (33. c4 Re7 34. Bh4 Rf7 35. Qd3 Bc3 36. Re2 $16)
(33. cxb4 $4 Rxc1 34. Rxc1 Rxe6 $19) 33... Qxh3 34. Rxe8+ (34. gxh3 Kxg7 35. c4
Kf7 36. h4 h5 37. Kg2 $16) 34... Rxe8 35. gxh3 Kxg7 36. Kg2 $2 {Apicella is
paying back the favour, now black will be able to get enough compensation.} (
36. c4 Kf7 37. Rd1 Re6 38. Kg2 $16) 36... bxc3 37. Rxc3 Rb8 38. Kf3 Kf6 (38...
Nb1 39. Rc7+ Kg8 40. Bd4 Rxb3+ 41. Kg4 Rb4 42. Rg7+ Kf8 43. Bf6 Nd2 44. Rxh7
Ne4 $11) 39. Be1 (39. Be3 Nb5 40. Rd3 Ke6 41. h4 $14) 39... Ke6 40. Kg4 d5 41.
Re3+ (41. Bf2 Nb5 42. Re3+ Kd6 43. h4 Nd4 $11) 41... Kd7 42. Rd3 Nc2 43. Rxd5+
Ke6 44. Re5+ Kf7 45. Bf2 (45. b4 Nxe1 46. Rxe1 Rxb4 $11) 45... Rxb3 {The
disadvantage has been reduced to the bare minimum, Chabanon should survive.}
46. h4 Rb4 47. Bc5 (47. h5 Nd4 48. hxg6+ hxg6 $14) 47... Rc4 48. Kg5 Nd4 49.
Bxd4 Rxd4 50. h5 gxh5 51. Ra5 h6+ 52. Kf5 (52. Kxh6 Rxf4 $11) 52... Rd6 53.
Ra7+ Kf8 54. h4 (54. Ke5 Rb6 55. f5 Rb5+ $11) 54... Rb6 55. Rd7 Ra6 56. Ke5 Rg6
57. f5 Rg4 58. Kf6 Kg8 $1 59. Rd8+ Kh7 60. Ke5 (60. Kf7 Rxh4 61. f6 Ra4 $11)
60... Kg7 61. Rd7+ (61. f6+ Kf7 (61... Kg6 $2 62. Rd7 $18) 62. Kf5 Rxh4 63.
Rd7+ Kf8 64. Kg6 Rg4+ $11) 61... Kg8 62. Ke6 Re4+ 63. Kf6 Rxh4 64. Rd8+ Kh7
1/2-1/2

[Event "EU-ch 2nd"]
[Site "Ohrid"]
[Date "2001.06.14"]
[Round "13"]
[White "Belotti, Bruno"]
[Black "Brendel, Oliver"]
[Result "0-1"]
[WhiteElo "2440"]
[BlackElo "2389"]
[Annotator "Ftacnik,L"]
[PlyCount "64"]
[EventDate "2001.06.01"]
[EventType "swiss"]
[EventRounds "13"]
[EventCountry "YUG"]
[SourceTitle "CBM 084"]
[Source "ChessBase"]
[SourceDate "2001.09.13"]
[SourceVersion "1"]
[SourceVersionDate "2001.09.13"]
[SourceQuality "1"]

1. e4 c5 2. Nf3 g6 3. d4 cxd4 4. Nxd4 Nc6 5. Be2 Bg7 6. Nb3 Nf6 7. Nc3 O-O 8.
O-O d6 9. Bg5 a5 10. a4 Be6 11. f4 Rc8 12. Kh1 Nb4 13. Nd4 Bc4 14. Ndb5 Qb6 15.
Bd3 Nxd3 (15... Qc5 16. Bh4 Qh5 17. Qxh5 gxh5 18. Rf3 Rfe8 19. Rd1 Nd7 20. Bf2
Nxd3 21. cxd3 Bb3 {1/2-1/2 Ehrler,E-Wallinger,M/Kitzingen/1980/ (24)}) (15...
Rc5 16. Bh4 Bxb5 17. axb5 Qc7 18. Bf2 Nxd3 19. cxd3 Rh5 20. g4 Rc5 21. Bxc5
Qxc5 22. Rxa5 {1-0 Sziva,E-Hendriks,W/Enschede 1996/ (36)}) (15... Rfe8 16. Qe2
Bxd3 17. cxd3 Nd7 18. f5 Nc5 19. Be3 Qc7 20. d4 Nd7 21. Rad1 {1-0 Kundin,A-Le
Roux,J/Tallinn/1997/ (38)}) (15... Bxd3 16. cxd3 d5 17. e5 d4 18. exf6 exf6 19.
Bh4 dxc3 20. bxc3 Nd5 21. c4 Ne3 22. Bf2 {1-0 Haik,A-Dancevski,O/Cannes/1997/ 
(50)}) 16. cxd3 Bxb5 17. axb5 (17. Nxb5 Rc6 $11) 17... e6 (17... h6 18. Bh4 e6
19. f5 $40) 18. f5 gxf5 $2 {Black is too courageous in opening the kingside,
white will obtain serious attacking chances.} (18... Nd7 19. f6 Bh8 20. Qe1 Ne5
21. Qg3 Qd4 22. Rfd1 $13) 19. exf5 d5 (19... Rce8 20. Bxf6 Bxf6 21. Qh5 $16)
20. Ra4 $2 (20. Bxf6 Bxf6 21. fxe6 fxe6 22. Rxf6 $1 Rxf6 23. Nxd5 exd5 24. Qg4+
Kf7 25. Qd7+ Kg6 26. Qxc8 Qxb5 27. Qg8+ Kh6 28. g4 $1 $18) 20... h6 21. Bxf6
Bxf6 22. Qh5 (22. fxe6 fxe6 23. Rxf6 Rxf6 24. Nxd5 exd5 25. Qg4+ Kh7 26. Qd7+
Kg6 27. Qg4+ Kh7 28. Qd7+ $11) 22... Kh7 23. fxe6 fxe6 24. Rg4 Qe3 $1 (24...
Bg5 $2 25. Rf7+ Rxf7 26. Qxf7+ Kh8 27. h4 Qd6 28. hxg5 Rf8 29. g6 Rxf7 30. gxf7
Kh7 31. Rg8 $18) 25. Qg6+ $6 {Active but wrong, with a bit more restrained 25.
Rg3! the chances where still equaly shared.} (25. Rg3 $1 Qd2 26. Qg6+ Kh8 27.
Rgf3 Bg7 28. Qxe6 Qxd3 29. Rd1 $11) 25... Kh8 26. h4 (26. Nd1 Qd2 27. Rgf4 Bg7
28. Qxe6 Qxd3 29. g4 Qxb5 $17) (26. Rg3 Bxc3 $1 27. Ra1 Qf4 28. Rf3 Rf6 29.
Rxf4 Rxg6 30. bxc3 Rxc3 $17) 26... Be5 27. Rd1 (27. Ra1 $2 Rc7 $17) 27... d4 $2
{The comedy of small errors continues, Brendel misses a way to keep his
chances favourable.} (27... Rc7 $1 28. d4 Bd6 29. g3 Rcf7 30. Kh2 $15) 28. Re4
(28. Ne2 Rg8 29. Qxe6 Rxg4 30. Qxg4 Rf8 $13) 28... Rf6 29. Rxe3 (29. Qxf6+ Bxf6
30. Rxe3 dxe3 31. Re1 Bd4 $17) 29... Rxg6 30. Rxe5 dxc3 31. Rc1 $2 (31. bxc3
Rxc3 32. Rde1 Rxd3 33. Rxe6 $11) 31... cxb2 $3 32. Rxc8+ Rg8 (32... Rg8 33.
Rxg8+ Kxg8 34. Re1 a4 $19) 0-1

[Event "Moscow Aeroflot op"]
[Site "Moscow"]
[Date "2002.02.07"]
[Round "4"]
[White "Meister, Jakob"]
[Black "Fedorov, Alexei"]
[Result "0-1"]
[WhiteElo "2494"]
[BlackElo "2589"]
[Annotator "Ftacnik,L"]
[PlyCount "92"]
[EventDate "2002.02.04"]
[EventType "swiss"]
[EventRounds "9"]
[EventCountry "RUS"]
[SourceTitle "CBM 088"]
[Source "ChessBase"]
[SourceDate "2002.03.21"]
[SourceVersion "1"]
[SourceVersionDate "2002.03.21"]
[SourceQuality "1"]

1. e4 c5 2. Nf3 d6 3. d4 cxd4 4. Nxd4 Nf6 5. Nc3 g6 6. Be2 Bg7 7. O-O O-O 8.
Re1 Nc6 9. Nb3 b6 10. Bf1 Bb7 11. Bg5 h6 (11... Nd7 12. Qd2 Re8 (12... Nc5 13.
Bh6 Rc8 14. Rad1 a6 15. Bxg7 Kxg7 16. Re3 Ne5 17. Be2 h6 18. f4 Ned7 19. Nxc5
Nxc5 20. f5 b5 21. Nd5 Bxd5 22. Qxd5 {1-0 Lobzhanidze,D-Zesch,L/Leutersdorf
2000/ (67)}) 13. Rad1 (13. Rab1 a6 14. Nd5 Qb8 15. c3 e6 16. Ne3 h6 17. Bf4
Nce5 18. Nc4 Nxc4 19. Bxc4 Ne5 20. Bf1 Kh7 {1/2-1/2 Rodriguez Lopez,R-De la
Riva Aguado,O/Mondariz 1997/ (60)}) (13. Bh6 Bh8 14. Re3 a6 15. Rh3 Nce5 16.
Re1 b5 17. Qf4 Rc8 18. Nd4 Nf6 19. Qh4 Neg4 20. Bg5 Qb6 {0-1 Timagin,P-David,A/
Pardubice 1999/ (35)}) 13... a6 14. f4 b5 15. e5 Nb6 16. Qf2 Qc7 17. Bxe7 Nxe7
18. exd6 Qb8 19. Qxb6 b4 20. Rxe7 bxc3 21. Rxb7 {1-0 Chandler,M-Pytel,K/
England 1997/ (28)}) (11... Re8 12. Qd2 Rc8 13. Nd5 Ne5 14. Bxf6 exf6 15. Bb5
Rf8 16. Qe2 f5 {1/2-1/2 Zozulia,A-Melamed,T/Alushta 1999/ (49)}) (11... Rc8 12.
Nd5 (12. f4 h6 13. Bh4 Nd7 14. Qd2 Nc5 15. Rad1 Nxb3 16. axb3 Qd7 17. h3 Nd4
18. Bf2 e5 19. Bc4 b5 20. Bxd4 exd4 21. Nxb5 d5 22. exd5 Bxd5 23. Nxd4 Bxc4 24.
bxc4 Rxc4 {1/2-1/2 Helaszek,E-Mikrut,D/Koszalin 1999/ (63)}) (12. Qd2 Re8 13.
Rad1 Na5 14. f3 Qc7 15. Nxa5 bxa5 16. Kh1 Nd7 17. Nb5 Qb8 18. Be3 a6 19. Nd4
Qc7 20. c4 Rb8 21. b3 {1-0 Adnoy,H-Martinsen,S/Bergen 2001/ (30)}) 12... e6 13.
Nxf6+ Bxf6 14. Bxf6 Qxf6 15. c3 Rfd8 16. Qe2 Ne5 (16... d5 17. e5 Qe7 18. Rad1
Rd7 19. Qe3 Rcd8 20. Bb5 Rc7 21. Bxc6 Bxc6 22. Nd4 {1-0 Vatter,H-Zimmer,F/
Hassloch 1999/ (46)}) 17. Rad1 Nc4 18. Nc1 Ne5 19. Nb3 Nc4 {0-1 David,A-Nataf,
I/France 2000/ (24)}) 12. Be3 (12. Bh4 Rc8 13. Qd2 g5 14. Bg3 Nh5 15. Rad1 Qd7
16. Re3 Rfd8 17. Be2 Nxg3 18. hxg3 Be5 19. Bb5 e6 {0-1 Teodorescu,F-Nevednichy,
V/Herculane 1996/ (39)}) 12... Rc8 13. f3 {Apart from h6 pawn black has no
palpable weaknesses, his bishops could be come strong on the fianchetto
positions.} (13. Qd2 Kh7 14. f3 (14. f4 $6 Ng4 $15) 14... Nd7) 13... Kh7 14.
Qd2 Nd7 15. Rad1 Qc7 (15... Nce5 16. f4 Ng4 17. e5 $14) 16. Nd5 Qb8 17. c3 (17.
Bb5 Rfe8 18. Nd4 Nde5 $11) 17... Rfe8 18. Qf2 (18. Bb5 a6 19. Bxc6 Bxc6 20. Bd4
Qb7 $11) 18... e6 19. Nf4 Rcd8 20. Rd2 Nf6 21. c4 (21. Red1 Ne5 $13) (21. Bb5
Re7 22. Red1 d5 23. exd5 exd5 24. Nxd5 Nxd5 25. Rxd5 Rxd5 26. Rxd5 Nb4 27. Rd2
Nxa2 $13) 21... Ne5 22. Rc1 (22. Red1 Bxe4 $5 23. fxe4 Nxe4 24. Qe2 Nxd2 25.
Rxd2 Rc8 $15) 22... d5 {[%mdl 32] Fedrov's pieces could hardly be better, so
he is ready to strike in the center.} (22... Bxe4 $5 23. fxe4 Nxe4 24. Qe2 Nxd2
25. Bxd2 d5 $15) 23. cxd5 exd5 24. Nxd5 (24. exd5 Nxd5 (24... Nfg4 $5 25. fxg4
Nxg4 26. Qf3 Nxe3 27. Bb5 Re5 28. Bc6 Nf5 $13) 25. Nxd5 Rxd5) 24... Nxd5 25.
exd5 Rxd5 26. Rxd5 (26. Bd4 Red8 27. Rcd1 Qd6 28. f4 Ng4 29. Qg3 Nf6 $11) 26...
Bxd5 27. Nd4 (27. Bb5 Re7 28. Bf4 Qb7 $1 $15) 27... Qd8 (27... Bxa2 28. b3 $1
Nd7 29. Bc4 Nc5 30. Nc6 (30. Bxf7 Nd3 31. Qd2 Nxc1 32. Nc6 Qa8 33. Bxe8 Qxe8
34. Qxc1 Qd7 $15) 30... Qd6 31. Bxc5 bxc5 32. Qxa2 Qxc6 33. Qxa7 $11) 28. Bb5 (
28. b3 Nxf3+ $1 29. Nxf3 (29. gxf3 Bxd4 30. Bxd4 Qg5+ $19) 29... Bxf3 30. Qxf3
Rxe3 31. Qxf7 Re7 $15) 28... Bxa2 $1 {The tactics works fine for the second
player, white is fighting against the loss of a pawn.} 29. Kh1 (29. Bxe8 Nd3
30. Ne6 $5 (30. Qd2 Nxc1 31. Bb5 Qc7 32. b4 Nb3 33. Qxa2 Nxd4 $17) 30... Bxe6
31. Rd1 Bb3 32. Rd2 Bc4 33. Ba4 Qe7 34. Rxd3 (34. Qe2 Nxb2 $19) 34... Bxd3 $17)
29... Qe7 (29... Bd5 30. Bxe8 Nd3 31. Qc2 Nxc1 32. Bxf7 Bxf7 $17) 30. Bxe8 (30.
b3 Nd3 $1 31. Bxd3 Qxe3 $19) 30... Nd3 31. Qd2 (31. Qe2 Nxc1 32. Bxc1 Qc5 33.
Nc2 Bb3 34. Qd2 Qxc2 35. Qxc2 Bxc2 36. Bxf7 Bd4 $15) 31... Nxc1 32. Bxf7 (32.
Ba4 Qc7 (32... Bxd4 33. Bxd4 Nb3 34. Bxb3 Bxb3 35. g4 $15) 33. b4 a6 34. Nf5
Qc4 35. Qxc1 Qxc1+ 36. Bxc1 gxf5 $17) 32... Bxf7 33. Qxc1 a5 {With bishops
pair and a pawn majority on the queenside all chances are pointing to black.}
34. Qd2 (34. Nc6 Qd6 35. Na7 (35. Bxb6 Bd5 $19) 35... Qf6 36. Qc7 Bd5 37. Bxb6
Qxb2 $17) 34... a4 $1 35. Kg1 (35. Nc2 Bb3 36. Nd4 Bc4 $17) 35... Bc4 36. f4
Qe4 37. Kf2 (37. Nc2 b5 38. Bd4 Bf8 $17) 37... b5 38. Nf3 Bd5 39. Bc5 (39. Bd4
Bf8 40. Qa5 Qc2+ 41. Kg3 Bxf3 42. Qa7+ Kg8 43. Kxf3 Qc6+ 44. Kf2 b4 $17) 39...
Bc6 40. Bb4 Bf6 41. Kg3 (41. Bc5 Bd5 $17) 41... g5 $1 42. fxg5 (42. Bd6 gxf4+
43. Bxf4 b4 44. Qd6 Bg7 $17) 42... hxg5 43. Bc3 $2 {Serious tactical mistake,
suddenly a4 pawn will become unstoppable.} (43. Nxg5+ $1 Bxg5 44. Qxg5 Qxb4 (
44... Qxg2+ 45. Kh4 $1 (45. Kf4 $2 Qe4+ 46. Kg3 Qxb4 47. Qh5+ Kg7 48. Qe5+ Kf7
49. Qc7+ Kf8 50. Qxc6 Qxb2 $19) 45... Qxh2+ 46. Kg4 Qg2+ 47. Kh4 Qh1+ 48. Kg3
Qf3+ 49. Kh4 Qe4+ (49... Qf2+ 50. Qg3 Qf6+ 51. Qg5 $15) 50. Qg4 Qh1+ 51. Qh3
Qd5 $15) 45. Qh5+ Kg7 46. Qe5+ Kf7 47. Qc7+ Kf8 48. Qxc6 Qxb2 $17) (43. Bd6 g4
44. Nh4 Bd7 $17) 43... Qf4+ $1 44. Qxf4 gxf4+ 45. Kxf4 Bxc3 46. Ng5+ (46. bxc3
Bxf3 47. gxf3 a3 $19) 46... Kg6 0-1

[Event "Foros Aerosvit 3rd"]
[Site "Foros"]
[Date "2008.06.15"]
[Round "7"]
[White "Nisipeanu, Liviu Dieter"]
[Black "Carlsen, Magnus"]
[Result "0-1"]
[WhiteElo "2684"]
[BlackElo "2765"]
[Annotator "Ftacnik,L"]
[PlyCount "74"]
[EventDate "2008.06.08"]
[EventType "tourn"]
[EventRounds "11"]
[EventCountry "UKR"]
[EventCategory "19"]
[SourceTitle "CBM 125"]
[Source "ChessBase"]
[SourceDate "2008.07.30"]
[SourceVersion "1"]
[SourceVersionDate "2008.07.30"]
[SourceQuality "1"]

1. e4 c5 2. Nf3 d6 3. d4 cxd4 4. Nxd4 Nf6 5. Nc3 g6 6. Be2 Bg7 7. O-O Nc6 8.
Nb3 O-O 9. Kh1 a6 10. f4 b5 11. Bf3 Bb7 12. a4 {Black's pieces are developed
so harmoniously, that White's chances to get the advantage must be minimal.} (
12. Qe1 Rc8 13. Nd5 Nxd5 14. exd5 Nd4 15. Nxd4 Bxd4 16. c3 Bg7 17. a4 Qd7 18.
Qd1 Rc4 19. axb5 axb5 20. Qb3 Rfc8 {0-1 Koenig,I-Napolitano,M/Munich 1936 (49)}
) (12. Be3 Nd7 13. Nd4 Na5 14. b3 Rc8 15. Qd2 Nc6 16. Nce2 Qc7 17. Rac1 Nxd4
18. Bxd4 e5 19. Ba1 Nc5 20. f5 Bxe4 21. f6 Bh8 22. Nc3 Bxf3 23. Rxf3 {1-0
Sznapik,A (2440)-Sax,G (2550)/Baile Herculane 1982 (42)}) (12. e5 dxe5 13. Nc5
Qb6 14. Nxb7 Qxb7 15. fxe5 Nd7 16. e6 fxe6 17. Ne4 Rad8 18. Qe1 Nde5 19. Ng5
Qc8 20. Qh4 h6 21. Ne4 Nd4 $19 {0-1 Cherniaev,A (2410)-Serper,G (2560)/St
Petersburg 1994 (27)}) (12. Nd5 e6 13. Nxf6+ Bxf6 14. c3 Qc7 15. Be3 Rad8 16.
Qe2 Nb8 17. Qf2 Nd7 18. Rfd1 Be7 19. Bd4 e5 20. Be3 exf4 21. Bxf4 Ne5 $11 {
1-0 Barua,D (2528)-Bakre,T (2443)/Calicut 2003 (61)}) 12... b4 13. Nd5 Nxd5 {
Both other alternative moves make an equally good impression, the only problem
was the burden of choice.} (13... e6 14. Ne3 Qc7 15. Bd2 a5 $11) (13... Nd7 14.
a5 (14. f5 e6 15. Nf4 Qe7 $15) 14... Rb8 15. Be3 $13) 14. exd5 Na5 15. c3 $5 {
Nisipeanu felt, that his position could become endangered and thus he chooses
somewhat shocking solution.} (15. Qd3 Rc8 16. Nd4 Qb6 17. Rd1 Qc5 18. Nb3 Nxb3
19. Qxb3 a5 20. c3 Ba6 21. cxb4 Qxb4 22. Qxb4 axb4 23. Rb1 b3 $17 {0-1 Boulay,
D-Charbonneau,P/Montreal 1997 (79)}) (15. Nxa5 Qxa5 16. Re1 Bf6 17. Qd3 Rfc8
$15) 15... bxc3 16. bxc3 Rc8 (16... Bxc3 17. Rb1 Rb8 18. Be3 Nc4 19. Bd4 $15)
17. Rb1 Ba8 18. Nd2 $6 {White was playing really slowly at this stage and the
insecurity has kept going till the last move. A much better idea was to crown
his risky concept with the logical move 18.f5!? with chances for full
compensation.} (18. f5 $5 Bxc3 (18... gxf5 19. Nd4 Qd7 20. Qd3 e6 21. Qxa6 $14)
19. Bh6 Bg7 20. Bxg7 Kxg7 21. Qd4+ Kg8 22. fxg6 hxg6 23. Nd2 $44) 18... Nc4 (
18... Bxc3 19. Qe2 Qd7 20. Qxa6 Qxa4 21. Ne4 Qc2 $15) 19. Nxc4 Rxc4 20. Bd2 (
20. Qd3 Qc7 21. Bd2 Rxa4 $15) 20... Qa5 21. Qe1 (21. Qe2 Bxd5 22. Qxe7 Bxf3 23.
Rxf3 Qd5 24. Qe2 Rxa4 $17) 21... Bxd5 22. Be2 Qxa4 $1 {[%mdl 1024] Young
Carlsen is well known for his positive attitude towards exchange sacrifices.
At this moment the trade is nearly forced, but the consequences will be very
pleasant for Black.} (22... Rxa4 23. c4 Bxg2+ 24. Kxg2 $13) 23. Bxc4 Bxc4 24.
Rf2 (24. Rg1 Qc2 $17) 24... e6 25. Be3 (25. Rb4 Qc6 26. Be3 Qd5 $17) 25... Bd5
26. Rfb2 Qe4 27. Qd2 h5 {The optimal spread of the black forces is clearly
favourable for the activity with two bishops.} (27... a5 $17) 28. Bd4 (28. Rb8
$2 Bxc3 $1 $19) 28... Bh6 29. Be3 $138 (29. Rb8 Bxf4 30. Rxf8+ Kxf8 31. Rb8+
Ke7 $19) 29... a5 $1 30. Rb8 $6 {Time trouble is seldom a relief in difficult
positions. Nisipeanu would love to exchange the pieces in order to ease the
pressure from his opponent.} (30. Ra1 Ra8 31. Kg1 e5 $17) 30... Kh7 31. h3 (31.
Rxf8 $2 Qxb1+ $19) 31... Rxb8 32. Rxb8 Bg7 33. Bd4 Bxd4 34. cxd4 a4 $1 {
The true consequence of exchanges is the situation, in which White has no way
of preventing the black pawn from reaching the a2-square.} 35. Kh2 a3 36. Rb4
a2 37. Ra4 Qb1 {White is just able to stop the pawn from promoting, but not
the disaster on the kingside.} (37... Qb1 38. Qc3 Qf1 $19) 0-1